Chráň si svoj sen (Record no. 22433)
[ view plain ]
| 000 -LEADER | |
|---|---|
| fixed length control field | 01294cam a2200373 a 4500 |
| 001 - CONTROL NUMBER | |
| control field | 22433 |
| 003 - CONTROL NUMBER IDENTIFIER | |
| control field | SK-KTurca |
| 005 - DATE AND TIME OF LATEST TRANSACTION | |
| control field | 20260328112039.0 |
| 008 - FIXED-LENGTH DATA ELEMENTS--GENERAL INFORMATION | |
| fixed length control field | 251124s1994 xo e 0000f slo |
| 020 ## - INTERNATIONAL STANDARD BOOK NUMBER | |
| International Standard Book Number | 8022005355 |
| 035 ## - SYSTEM CONTROL NUMBER | |
| System control number | SNK000018419 |
| 040 ## - CATALOGING SOURCE | |
| Original cataloging agency | SNK |
| Language of cataloging | slo |
| Transcribing agency | SNK |
| Description conventions | AACR2 |
| 041 1# - LANGUAGE CODE | |
| Language code of text/sound track or separate title | slo |
| Language code of original | eng |
| 044 ## - COUNTRY OF PUBLISHING/PRODUCING ENTITY CODE | |
| MARC country code | xo |
| ISO country code | SK |
| 072 #7 - SUBJECT CATEGORY CODE | |
| Subject category code | 821.111-3 |
| Subject category code subdivision | Anglická próza, anglicky písaná |
| Source | konspekt |
| 080 ## - UNIVERSAL DECIMAL CLASSIFICATION NUMBER | |
| Universal Decimal Classification number | 821.111-31 |
| Edition identifier | 2011 |
| 100 1# - MAIN ENTRY--PERSONAL NAME | |
| Personal name | Bradford, Barbara Taylor, |
| Dates associated with a name | 1933-2024 |
| Relationship | aut |
| 240 10 - UNIFORM TITLE | |
| Uniform title | Hold the Dream |
| Language of a work | Slovensky |
| 245 10 - TITLE STATEMENT | |
| Title | Chráň si svoj sen |
| Statement of responsibility, etc. | Barbara Taylor Bradfordová ; preložili Marek Mihalkovič, Jozef Genzor, Darina Papadopoulou, Zora Čergovská |
| 250 ## - EDITION STATEMENT | |
| Edition statement | 1. vyd. |
| 260 ## - PUBLICATION, DISTRIBUTION, ETC. | |
| Place of publication, distribution, etc. | Bratislava |
| Name of publisher, distributor, etc. | Slovenský spisovateľ |
| Date of publication, distribution, etc. | 1994 |
| Place of manufacture | Bratislava |
| Manufacturer | Svornosť |
| 300 ## - PHYSICAL DESCRIPTION | |
| Extent | 267 s. |
| Dimensions | 20 cm |
| 655 #7 - INDEX TERM--GENRE/FORM | |
| Genre/form data or focus term | anglické romány |
| Source of term | SNKPH |
| 700 1# - ADDED ENTRY--PERSONAL NAME | |
| Personal name | Mihalkovič, Marek, |
| Dates associated with a name | 1962- |
| Relationship | trl |
| 700 1# - ADDED ENTRY--PERSONAL NAME | |
| Personal name | Genzor, Jozef, |
| Dates associated with a name | 1939-2019 |
| Relationship | trl |
| 700 1# - ADDED ENTRY--PERSONAL NAME | |
| Personal name | Papadopoulou, Darina |
| Relationship | trl |
| 700 1# - ADDED ENTRY--PERSONAL NAME | |
| Personal name | Čergovská, Zora, |
| Dates associated with a name | 1930- |
| Relationship | trl |
| 787 08 - OTHER RELATIONSHIP ENTRY | |
| Relationship information | Zo série: |
| Title | Úspešná žena |
| Related parts | 3 |
| 787 08 - OTHER RELATIONSHIP ENTRY | |
| Relationship information | Zo série: |
| Title | Woman of substance |
| Related parts | 3 |
| 911 ## - EQUIVALENCE OR CROSS-REFERENCE-CONFERENCE OR MEETING NAME [LOCAL, CANADA] | |
| Meeting name or jurisdiction name as entry element | KN 1994/07 |
| Number [OBSOLETE] | 01983 |
| Location of meeting | 02083 |
| 942 ## - ADDED ENTRY ELEMENTS (KOHA) | |
| Source of classification or shelving scheme | Dewey Decimal Classification |
| Koha item type | Krásna literatúra pre dospelých |
| Suppress in OPAC | No |
| Stav vyradenia | Strata | Poškodenie | Spôsob nadobudnutia | Domovská knižnica | Aktuálna knižnica | Dátum nadobudnutia | Total checkouts | Čiarový kód exemplára | Date last seen | Typ exemplára |
|---|---|---|---|---|---|---|---|---|---|---|
| Dar | Obecná knižnica Horná Štubňa | Obecná knižnica Horná Štubňa | 28.03.2026 | 4736202003 | 28.03.2026 | Krásna literatúra pre dospelých |
